Nabíjacie siete sú pre priemysel zdroj aj práca

Príležitosť výstavby nabíjacích sietí pre energetické firmy a spoločnosti dodávajúce technológie. Dvaja hlavní hráči v budovaní nabíjacích sietí: Západoslovenská energetika a Greenway Infrastructure. Stručná charakteristika projektov Urban-e a NEXT-E. Otázky a mýty v súvislosti s elektromobilitou a...

Full description

Saved in:
Bibliographic Details
Main Author: Krídla, Tomáš
Format: Book Chapter
Language:Slovak
Subjects:
Tags: Add Tag
No Tags, Be the first to tag this record!

MARC

LEADER 00000naa a2200000 4500
001 0246542
005 20180723090111.2
041 0 |a slo 
044 |a SK 
245 1 0 |a Nabíjacie siete sú pre priemysel zdroj aj práca  |c Tomáš Krídla 
520 |a Príležitosť výstavby nabíjacích sietí pre energetické firmy a spoločnosti dodávajúce technológie. Dvaja hlavní hráči v budovaní nabíjacích sietí: Západoslovenská energetika a Greenway Infrastructure. Stručná charakteristika projektov Urban-e a NEXT-E. Otázky a mýty v súvislosti s elektromobilitou a nabíjaním. Praktické aspekty nabíjania vo firme a v domácnostiach. 
610 2 0 |a elektromobily 
610 2 0 |a projekty 
610 2 0 |a doprava cestná 
610 2 0 |a priemysel automobilový 
610 2 0 |a politika energetická 
610 2 0 |a technológie nové 
100 1 |a Krídla, Tomáš